Hacer la historia del siglo XX
Saved in:
| Main Authors: | , , , |
|---|---|
| Institution som forfatter: | |
| Format: | Bog |
| Sprog: | spansk |
| Udgivet: |
Madrid, España
Casa de Velázquez
2004
|
| Serier: | Colección Historia Biblioteca Nueva
|
| Fag: | |
| Tags: |
Tilføj Tag
Ingen Tags, Vær først til at tagge denne postø!
|
MARC
| LEADER | 00000nam a2200000 a 4500 | ||
|---|---|---|---|
| 001 | UCL6732 | ||
| 003 | CL-VaPUC | ||
| 005 | 20210604001504.0 | ||
| 008 | 040416e20040000SP |||||||||||||||||spa|d | ||
| 999 | |c 308714 |d 308712 | ||
| 020 | |a 8497422538 | ||
| 020 | |a 8495555557 | ||
| 040 | |c Pontificia Universidad Católica de Valparaíso | ||
| 082 | 0 | 4 | |a 907.2 RED 2004 |2 21 |
| 100 | 0 | |a Rémond, René |e author |9 484438 | |
| 110 | 2 | |a Universidad Nacional de Educación a Distancia |e author |9 484442 | |
| 245 | 1 | 0 | |a Hacer la historia del siglo XX |
| 260 | |a Madrid, España |b Casa de Velázquez |c 2004 | ||
| 300 | |a 381 páginas | ||
| 490 | 0 | |a Colección Historia Biblioteca Nueva | |
| 583 | |a last modification |c 20040416 00:00:00 |k Rodrigo Vera | ||
| 650 | 0 | |a Historia siglo 20 |y SIGLO 20 |z ESPAÑA |z FRANCIA |9 255736 | |
| 650 | 0 | |a Historia política |z ESPAÑA |z FRANCIA |9 256974 | |
| 650 | 7 | |a POLITICA FRANCESA |2 CL-VaPUC |9 484443 | |
| 650 | 0 | |a Historia religiosa |z ESPAÑA |z FRANCIA |9 314583 | |
| 650 | 0 | |a Relaciones Internacionales |z EUROPA |9 255740 | |
| 650 | 0 | |a Historia cultural |z EUROPA |9 353068 | |
| 700 | 0 | |a Tussel, Javier |e author |9 484439 | |
| 700 | 0 | |a Pellistrandi, Benoit |e author |9 484440 | |
| 700 | 0 | |a Sueiro, Susan |e author |9 484441 | |
| 852 | |a BIBCUR | ||
| 942 | |c BK |2 ddc | ||
| 945 | |d 20040416 00:00:00 |a cmena | ||
| 952 | |0 0 |1 0 |2 ddc |4 0 |6 907_200000000000000_RED_2004 |7 0 |8 A |9 375486 |a BIBHIS |b BIBHIS |d 2019-11-21 |i 4006585 |l 2 |o 907.2 RED 2004 |p 4006585 |r 2025-01-20 |s 2024-06-12 |t 1 |w 2019-11-21 |y BK |k HIS | ||